000 00660nam a22001937a 4500
999 _c175816
_d175816
005 20201005161416.0
010 _aUR-10879
020 _c300.00
_a9789390100705
035 _aU-9434
037 _bDBAD/PUB
082 _a841
100 _aز ر ينہ بيگم ز ر يں
245 _aند ا ۓ د ل
_cز ر ينہ بيگم ز ر يں
246 _bNida-e-Dil (Urdu)
_aby Zareena Begum Zarrin
260 _aN.Delhi
_bEducational Publishing House
_c2020 ء
270 _aH.O.D1/16,Ansari Road,Darya ganj,
_bN.Delhi
_e110002
_k45678285,23216162
_l0091-11-23211540
300 _a292 ص
_c22 Cm(Hb)
942 _2ddc
_cUR
_h841
_mز ر ي